000 00457nam a2200181Ia 4500
001 19238
005 20260306171729.0
008 260306s9999||||xx |||||||||||||| ||und||
041 _aESP
082 _a658.81
_bW19
100 _aWalker, Denis
_eAUT
245 0 _aEl cliente es lo primero:
_bestrategia para un servicio de calidad
260 _c1991
300 _a217 páginas :
_c22 cm.
650 _aGEN
654 _aCAN
942 _cLIB
_dJUS
_fJUS
_2ddc
_n
999 _c19238
_d19238